[Event "Condom op 19th"]
[Site "Condom"]
[Date "2022.07.13"]
[Round "6"]
[White "Scurtu, Alexandr"]
[Black "Darrort, Nahia"]
[Result "1-0"]
[WhiteElo "1914"]
[BlackElo "1447"]
[PlyCount "51"]
[EventDate "2022.07.09"]
[EventType "swiss"]
[EventRounds "9"]
[EventCountry "FRA"]
[SourceTitle "CBM 209 Extra"]
[Source "ChessBase"]
[SourceDate "2022.09.30"]
[SourceVersion "1"]
[SourceVersionDate "2022.09.30"]
[SourceQuality "1"]

1. e4 c5 2. Nf3 Nc6 3. d4 cxd4 4. Nxd4 Nf6 5. Nc3 g6 6. Be3 Bg7 7. Bc4 0-0 8. Bb3 d6 9. f3 Bd7 10. Qd2 a6 11. 0-0-0 b5 12. Kb1 Na5 13. Bh6 Nxb3 14. cxb3 Qb6 15. g4 a5 16. h4 a4 17. b4 Rfc8 18. Bxg7 Kxg7 19. h5 Rh8 20. Nd5 Nxd5 21. exd5 f6 22. Rde1 Kf7 23. hxg6+ hxg6 24. Qe3 Rxh1 25. Qxe7+ Kg8 26. Rxh1 1-0

[Event "Condom op 19th"]
[Site "Condom"]
[Date "2022.07.11"]
[Round "4"]
[White "Darrort, Nahia"]
[Black "Trouve, Ethan"]
[Result "1-0"]
[WhiteElo "1447"]
[BlackElo "1094"]
[PlyCount "97"]
[EventDate "2022.07.09"]
[EventType "swiss"]
[EventRounds "9"]
[EventCountry "FRA"]
[SourceTitle "CBM 209 Extra"]
[Source "ChessBase"]
[SourceDate "2022.09.30"]
[SourceVersion "1"]
[SourceVersionDate "2022.09.30"]
[SourceQuality "1"]

1. b3 d5 2. Bb2 Bf5 3. e3 e6 4. Nf3 Nd7 5. Be2 Ngf6 6. c4 c6 7. 0-0 Bd6 8. d4 0-0 9. Nc3 Qc7 10. h3 Ne4 11. Nxe4 Bxe4 12. Bd3 Nf6 13. Ng5 Bg6 14. Bxg6 hxg6 15. cxd5 exd5 16. Rc1 Qe7 17. Re1 Ne4 18. Nxe4 Qxe4 19. Qc2 f5 20. Qxe4 fxe4 21. a4 Rf7 22. Ra1 b6 23. Ba3 Bxa3 24. Rxa3 Rc7 25. Rc1 c5 26. Ra2 Rac8 27. Rac2 Kf7 28. Kf1 g5 29. Ke2 Ke6 30. f3 g6 31. fxe4 dxe4 32. Rc4 a5 33. dxc5 Rxc5 34. Rxe4+ Kd5 35. Rd4+ Ke5 36. Rxc5+ Rxc5 37. Rc4 Kd5 38. Rxc5+ Kxc5 39. Kd3 Kb4 40. Kd4 Kxb3 41. e4 Kxa4 42. e5 Ka3 43. e6 b5 44. e7 b4 45. e8Q b3 46. Qe3 Ka2 47. Qd2+ Kb1 48. Kc3 a4 49. Qb2# 1-0

[Event "Condom op 19th"]
[Site "Condom"]
[Date "2022.07.09"]
[Round "1"]
[White "Vandervorst, Jean Marc"]
[Black "Darrort, Nahia"]
[Result "1-0"]
[WhiteElo "1915"]
[BlackElo "1447"]
[PlyCount "209"]
[EventDate "2022.07.09"]
[EventType "swiss"]
[EventRounds "9"]
[EventCountry "FRA"]
[SourceTitle "CBM 209 Extra"]
[Source "ChessBase"]
[SourceDate "2022.09.30"]
[SourceVersion "1"]
[SourceVersionDate "2022.09.30"]
[SourceQuality "1"]

1. d4 d5 2. Nf3 Nf6 3. e3 Bf5 4. b3 e6 5. Bb2 Be7 6. Be2 0-0 7. 0-0 Nbd7 8. Nbd2 c5 9. c4 Rc8 10. Rc1 Re8 11. Ne5 Nxe5 12. dxe5 Ne4 13. Nxe4 Bxe4 14. f3 Bf5 15. f4 dxc4 16. Bxc4 Qa5 17. a4 Red8 18. Bc3 Rxd1 19. Bxa5 Rxf1+ 20. Kxf1 b6 21. Bc3 Rd8 22. Ke2 Bg4+ 23. Ke1 Bf5 24. Rd1 Rxd1+ 25. Kxd1 Be4 26. g3 Kf8 27. Kd2 Bb1 28. Bb5 Bd8 29. Bc6 Bf5 30. e4 Bg4 31. Bb5 Bf3 32. Bd3 Bg4 33. Bc2 g6 34. Bb2 Ke8 35. Bd3 Kf8 36. Bf1 Bf3 37. Bd3 Bg4 38. Ba3 Be7 39. Kc3 Ke8 40. Bb5+ Kd8 41. Bc1 Bf3 42. Kd3 Bg2 43. Ke3 Bh3 44. Bb2 Bg4 45. Kd2 Bf3 46. Bd3 Bg4 47. Bc2 Kc7 48. Bd3 Kd7 49. Bb5+ Kd8 50. Ba3 Bf3 51. Bd3 Bg4 52. Kc3 Bd1 53. Bc1 Bg4 54. Be3 Kd7 55. Bf1 Bf3 56. Kd3 Bd1 57. Kc3 Bf3 58. Bb5+ Kd8 59. Kd3 Bd1 60. Bc4 Bg4 61. Bd2 Kd7 62. Ke3 Kd8 63. Kf2 Bh3 64. Kf3 h5 65. Ke3 Bg4 66. Bc3 Kd7 67. Kd2 Bf3 68. Bb5+ Kd8 69. Bd3 Bg4 70. Ke3 Bd1 71. Bc4 Bg4 72. Kf2 Bh3 73. Bb5 Bg4 74. Bf1 Bd1 75. Bc4 Bc2 76. Ke3 Bd1 77. f5 Bg4 78. f6 Bf8 79. Be1 Bh6+ 80. Kd3 Bf8 81. Bd2 Ke8 82. Bb5+ Kd8 83. a5 Bd1 84. axb6 axb6 85. Kc3 Bf3 86. Kd3 Bd1 87. Kc3 Bf3 88. Bc6 Bg2 89. b4 cxb4+ 90. Kb3 Bc5 91. Bxb4 Bxb4 92. Kxb4 Kc7 93. Be8 Bxe4 94. Bxf7 Bf5 95. Be8 Kd8 96. Bb5 g5 97. Bc4 Ke8 98. Kb5 Kf7 99. Kxb6 Be4 100. h4 g4 101. Kc7 Bc2 102. Bb5 Be4 103. Kd8 Bf5 104. Be8+ Kf8 105. Bxh5 1-0